Statistiques concernant Ils sont nés un 15 août

Cliquez ici pour prendre le quiz!

Statistiques générales

  • Ce quiz a été pris 66 fois
  • Le résultat moyen est 5 sur 11

Statistiques - réponses

Réponse% Correct
Napoléon Ier
95%
Alain Juppé
74%
Nino Ferrer
71%
Sylvie Vartan
60%
Gino85
56%
Ben Affleck
40%
Jennifer Lawrence
39%
Pierre Dac
39%
Marie Besnard
24%
Stieg Larsson
16%
Natasha Henstridge
8%

Distribution des résultats

Percentile par nombre de réponses

% des personnes avec chaque résultat

Votre développement - résultats

Vous n’avez pas pris ce quiz